[Event "Hradec Kralove op 10th"]
[White "Schoenbeck, Stephan"]
[Black "Yakimenko, Alexander A"]
[Site "Hradec Kralove"]
[Round "9"]
[Result "0-1"]
[Date "2019.11.02"]
[WhiteElo "1937"]
[BlackElo "2149"]
[PlyCount "62"]
[EventDate "2019.10.26"]
[EventType "swiss"]
[EventRounds "9"]
[EventCountry "CZE"]
[SourceTitle "CBM 193 Extra"]
[Source "ChessBase"]
[SourceDate "2020.01.31"]
[SourceVersion "1"]
[SourceVersionDate "2020.01.31"]
[SourceQuality "1"]

1. e4 e5 2. Nf3 Nc6 3. Bb5 a6 4. Ba4 d6 5. c3 g6 6. d3 Bg7 7. Bg5 f6 8. Bh4 g5 9. Bg3 h5 10. h4 g4 11. Nfd2 Nge7 12. d4 exd4 13. cxd4 b5 14. d5 bxa4 15. dxc6 f5 16. Nc3 a3 17. Qc2 axb2 18. Rb1 0-0 19. f4 fxe4 20. Ndxe4 Nf5 21. Bf2 g3 22. Nxg3 Nxg3 23. Bxg3 Bf5 24. Qb3+ Kh8 25. 0-0 Rb8 26. Qc4 Qf6 27. Nd5 Qg6 28. Kh2 Bxb1 29. f5 Bxf5 30. Ne7 Qg4 31. Qd5 b1Q 0-1

[Event "Hradec Kralove op 10th"]
[White "Jiruse, Josef"]
[Black "Schoenbeck, Stephan"]
[Site "Hradec Kralove"]
[Round "3"]
[Result "1-0"]
[Date "2019.10.28"]
[WhiteElo "1988"]
[BlackElo "1937"]
[PlyCount "71"]
[EventDate "2019.10.26"]
[EventType "swiss"]
[EventRounds "9"]
[EventCountry "CZE"]
[SourceTitle "CBM 193 Extra"]
[Source "ChessBase"]
[SourceDate "2020.01.31"]
[SourceVersion "1"]
[SourceVersionDate "2020.01.31"]
[SourceQuality "1"]

1. c4 e5 2. Nc3 Nc6 3. g3 g6 4. Bg2 Bg7 5. d3 d6 6. Rb1 Nf6 7. Nf3 0-0 8. 0-0 Nd4 9. b4 Re8 10. Nd2 a6 11. a4 Rb8 12. b5 a5 13. Nde4 Nxe4 14. Bxe4 f5 15. Bd5+ Kh8 16. Bd2 b6 17. e3 Ne6 18. e4 f4 19. f3 Ng5 20. Ne2 Rf8 21. Qc1 Nh3+ 22. Kh1 h5 23. gxf4 exf4 24. Nxf4 Rxf4 25. Bxf4 g5 26. Be3 Qf6 27. f4 Bg4 28. e5 dxe5 29. fxg5 Qd6 30. Qd2 Re8 31. Be4 Qe6 32. Rbe1 Qe7 33. g6 Qh4 34. Rf7 Re6 35. Ref1 Bf6 36. Rf8+ 1-0

[Event "Leipzig VfB op 22nd"]
[White "Sonntag, Hermann"]
[Black "Schoenbeck, Stephan"]
[Site "Leipzig"]
[Round "2"]
[Result "1/2-1/2"]
[Date "2015.03.04"]
[WhiteElo "2074"]
[BlackElo "1930"]
[PlyCount "41"]
[EventDate "2015.03.03"]
[EventType "swiss"]
[EventRounds "9"]
[EventCountry "GER"]
[SourceTitle "EXT 2016"]
[Source "ChessBase"]
[SourceDate "2015.10.08"]
[SourceVersion "1"]
[SourceVersionDate "2015.10.08"]
[SourceQuality "1"]

1. d4 Nf6 2. g3 g6 3. Bg2 Bg7 4. e4 d6 5. Ne2 0-0 6. h3 e5 7. c3 Re8 8. d5 c6 9. c4 cxd5 10. cxd5 Na6 11. Nbc3 Bd7 12. Be3 Nc7 13. 0-0 b5 14. b4 Qb8 15. a3 Rc8 16. f4 a5 17. fxe5 dxe5 18. Qd2 Nce8 19. Bc5 Nd6 20. Qg5 h6 21. Qe3 1/2-1/2

[Event "Leipzig VfB op 21st"]
[White "Schoenbeck, Stephan"]
[Black "Sonntag, Hermann"]
[Site "Leipzig"]
[Round "8"]
[Result "0-1"]
[Date "2014.03.08"]
[WhiteElo "1919"]
[BlackElo "2123"]
[PlyCount "92"]
[EventDate "2014.03.04"]
[EventType "tourn"]
[EventRounds "9"]
[EventCountry "GER"]
[SourceTitle "CBM 159 Extra"]
[Source "ChessBase"]
[SourceDate "2014.04.24"]
[SourceVersion "1"]
[SourceVersionDate "2014.04.24"]
[SourceQuality "1"]

1. e4 e6 2. d4 d5 3. Nc3 Bb4 4. e5 c5 5. a3 Bxc3+ 6. bxc3 Qc7 7. Nf3 Bd7 8. Bd3 c4 9. Be2 Ba4 10. h4 Nc6 11. h5 Qa5 12. Bd2 h6 13. Nh4 Nge7 14. Bg4 0-0-0 15. f4 Rde8 16. 0-0 g6 17. hxg6 Nxg6 18. Nf3 Nce7 19. Qc1 Reg8 20. Bh3 Rh7 21. Rb1 Qc7 22. Kh2 Nf5 23. Be1 Qe7 24. Rb4 Bc6 25. g3 Kc7 26. Rg1 Rhg7 27. Bf2 h5 28. a4 a5 29. Rb1 Bxa4 30. Ng5 Nh6 31. f5 exf5 32. Re1 Nf8 33. Nf3 Ng4+ 34. Bxg4 Rxg4 35. Qh6 Ng6 36. e6 fxe6 37. Ne5 Nxe5 38. Rxe5 R8g6 39. Qxh5 f4 40. Kg2 Bxc2 41. Rbe1 fxg3 42. Bg1 Rh4 43. Qf3 Be4 44. R1xe4 Rxe4 45. Rxe4 dxe4 46. Qxe4 Qg5 0-1

[Event "Leipzig VfB op 21st"]
[White "Schoenbeck, Stephan"]
[Black "Hiemer, Bernd"]
[Site "Leipzig"]
[Round "4"]
[Result "1/2-1/2"]
[Date "2014.03.06"]
[WhiteElo "1919"]
[BlackElo "2026"]
[PlyCount "32"]
[EventDate "2014.03.04"]
[EventType "tourn"]
[EventRounds "9"]
[EventCountry "GER"]
[SourceTitle "CBM 159 Extra"]
[Source "ChessBase"]
[SourceDate "2014.04.24"]
[SourceVersion "1"]
[SourceVersionDate "2014.04.24"]
[SourceQuality "1"]

1. e4 d6 2. d4 Nf6 3. Nc3 g6 4. Nf3 Bg7 5. Be2 0-0 6. 0-0 c6 7. h3 Qc7 8. a4 e5 9. dxe5 dxe5 10. Bg5 h6 11. Be3 Be6 12. Qc1 Kh7 13. Rd1 Nbd7 14. Nd2 Rad8 15. Nc4 Bxc4 16. Bxc4 Nh5 1/2-1/2

[Event "Novy Bor op 3rd"]
[White "Volodin, Viktor Nikolaevich"]
[Black "Schoenbeck, Stephan"]
[Site "Novy Bor"]
[Round "2"]
[Result "1-0"]
[Date "2012.02.12"]
[WhiteElo "2209"]
[BlackElo "1882"]
[PlyCount "77"]
[EventDate "2012.02.11"]
[EventType "swiss"]
[EventRounds "9"]
[EventCountry "CZE"]
[SourceTitle "CBM 147 Extra"]
[Source "ChessBase"]
[SourceDate "2012.04.24"]
[SourceVersion "1"]
[SourceVersionDate "2012.04.24"]
[SourceQuality "1"]

1. Nf3 Nf6 2. c4 e6 3. g3 b6 4. Bg2 Bb7 5. d4 Bb4+ 6. Bd2 Qe7 7. 0-0 Bxd2 8. Qxd2 0-0 9. Qc2 d6 10. Nc3 Nbd7 11. Rfd1 Rac8 12. b3 Rfd8 13. Rac1 h6 14. h3 Nh5 15. Ng5 Qxg5 16. Bxb7 Rb8 17. Bg2 a6 18. Kh2 f5 19. e3 Rf8 20. Ne2 Nhf6 21. Nf4 Rbe8 22. d5 Nc5 23. b4 e5 24. bxc5 exf4 25. gxf4 Qh4 26. cxb6 cxb6 27. Rb1 Ne4 28. Kg1 Rf6 29. Rxb6 Rg6 30. Kf1 Nc5 31. Qxf5 Rxg2 32. Kxg2 Ne4 33. Rf1 Nd2 34. Rb7 Rf8 35. Qe6+ Kh8 36. Qg6 Rg8 37. Rd1 Nxc4 38. Rc1 Nxe3+ 39. fxe3 1-0